00358nam a2200157Ia 4500003000400000005001700004008004100021040000700062041000800069082001700077100002300094245001400117260004600131300000900177650001400186OSt20250829101559.0250729s2005 xx 000 0 und d cAL aeng a372.372 PICB aPickering Luciemne aBoys talk aMumbaibBetter Yourself Publicationc2005 a118p aEducation